Les compétences du bilan de compétences du permis de conduire - Statistiques

Statistiques générales
  • Ce quiz a été pris 3 fois
  • Le résultat moyen est 4 sur 14
Statistiques - réponses
Famille de compétences Compétence % Correct
Compétence bonus Courtoisie
100%
Appréhender la route Prendre l'information
67%
Appréhender la route Adapter son allure aux circonstances
33%
Appréhender la route Appliquer la réglementation
33%
Partager la route avec les autres usagers Communiquer avec les autres usagers
33%
Connaître et maîtriser son véhicule Connaître et utiliser les commandes
33%
Connaître et maîtriser son véhicule Effectuer des vérifications du véhicule
33%
Partager la route avec les autres usagers Maintenir les espaces de sécurité
33%
Partager la route avec les autres usagers Partager la chaussée
33%
Connaître et maîtriser son véhicule Savoir s'installer et assurer la sécurité à bord
33%
Autonomie conscience du risque Adaptation aux situations
0%
Autonomie conscience du risque Analyse des situations
0%
Autonomie conscience du risque Conduite autonome
0%
Compétence bonus Conduite économique et respectueuse de l'environnement
0%
Aucun quiz correspondant
Distribution des résultats
% des personnes avec chaque résultat
Percentile par nombre de réponses
Votre historique - résultats
Vous n’avez pas pris ce quiz